000
00212nam a22000977a 4500
003
OSt
008
210116b ||||| |||| 00| 0 eng d
100
_a
Sadanandhan, P. K
_9
4878
245
_a
Kanakakumari
942
_c
BK
999
_c
16588
_d
16588